Roald Dahl Filmography - Statistics

General Stats
  • This quiz has been taken 98 times
    35 since last reset
  • The average score is 10 of 34
Answer Stats
Year Movie % Correct
2005 Charlie and the Chocolate Factory
88%
1996 Matilda
85%
1989 The BFG
79%
2016 The BFG
79%
1976 James and the Giant Peach
70%
1996 James and the Giant Peach
70%
1990 The Witches
64%
2020 The Witches
64%
1971 Willy Wonka and the Chocolate Factory
61%
2023 Wonka
58%
2025 The Twits
55%
2009 Fantastic Mr. Fox
52%
2015 Esio Trot
36%
1989 Danny the Champion of the World
30%
1990 The Magic Finger
27%
1997 The Enormous Crocodile
24%
2022 Matilda: The Musical
18%
1968 Chitty Chitty Bang Bang
15%
1990 Revolting Rhymes
15%
1967 You Only Live Twice
12%
1964 36 Hours
6%
1995 Four Rooms
6%
1989 Breaking Point
3%
1966 Des Pfarrers Freude
3%
1990 Dirty Beasts
3%
1974 Fru Biksby og oberstens skinnkape
3%
1971 The Night Digger
3%
2024 The Wonderful Story of Henry Sugar and Three More
3%
2017 Tom and Jerry: Willy Wonka and the Chocolate Factory
3%
1992 Idealnaya para
0%
2002 Lamb to the Slaughter
0%
1976 Le care mogli
0%
1990 The Silent Hunt
0%
1988 Velka osada
0%
No matching quizzes found
Score Distribution
Percent of People with Each Score
Percentile by Number Answered
Your Score History
You have not taken this quiz since the last reset